Victorian plays : a record of significant productions on the London stage, 1837-1901 /

Bibliographic Details
Main Author: Mullin, Donald C.
Format: Book
Language:English
Published: New York : Greenwood Press, 1987.
Series:Bibliographies and indexes in the performing arts ; no. 4.
Subjects:

MARC

Tag First Indicator Second Indicator Subfields
LEADER 00000cam a2200000 a 4500
001 in00000007798
005 20151002070028.0
008 860919s1987 nyu b 00110 eng
010 |a  86025718  
020 |a 0313242119 (lib. bdg. : alk. paper) 
035 |a (OCoLC)14359767 
035 |9 AAA0128AM 
040 |a DLC  |c DLC  |d m/c  |d TXA  |d UtOrBLW 
043 |a e-uk-en 
050 0 0 |a PN2596.L6  |b M85 1987 
082 0 |a 792/.09421  |2 19 
100 1 |a Mullin, Donald C. 
245 1 0 |a Victorian plays :  |b a record of significant productions on the London stage, 1837-1901 /  |c compiled by Donald Mullin. 
264 1 |a New York :  |b Greenwood Press,  |c 1987. 
300 |a xvi, 444 pages ;  |c 25 cm. 
336 |a text  |b txt  |2 rdacontent 
337 |a unmediated  |b n  |2 rdamedia 
338 |a volume  |b nc  |2 rdacarrier 
490 1 |a Bibliographies and indexes in the performing arts,  |x 0742-6933 ;  |v no. 4 
500 |a Includes index. 
650 0 |a Theater  |z England  |z London  |x History  |y 19th century. 
651 0 |a London (England)  |x Intellectual life  |y 19th century. 
830 0 |a Bibliographies and indexes in the performing arts ;  |v no. 4. 
999 |a MARS 
999 f f |s a6dfa0aa-27df-3bd3-9956-43ec11fbf282  |i 166a2b9d-c632-3192-94c0-291d3db9ba90  |t 0 
952 f f |p normal  |a Texas A&M University  |b College Station  |c Sterling C. Evans Library  |d Evans: Library Stacks  |t 0  |e PN2596.L6 M85 1987  |h Library of Congress classification  |i unmediated -- volume  |m A14812570385 
998 f f |a PN2596.L6 M85 1987  |t 0  |l Evans: Library Stacks